| 000 -LEADER |
| fixed length control field |
01972pab a2200181 454500 |
| 008 - FIXED-LENGTH DATA ELEMENTS--GENERAL INFORMATION |
| fixed length control field |
180718b2011 xxu||||| |||| 00| 0 eng d |
| 100 ## - MAIN ENTRY--PERSONAL NAME |
| Personal name |
Tandon, B.B. |
| 245 ## - TITLE STATEMENT |
| Title |
Towards health for all: Some suggestions to policy makers |
| 260 ## - PUBLICATION, DISTRIBUTION, ETC. |
| Date of publication, distribution, etc. |
2011 |
| 300 ## - PHYSICAL DESCRIPTION |
| Extent |
p.66-81. |
| 362 ## - DATES OF PUBLICATION AND/OR SEQUENTIAL DESIGNATION |
| Dates of publication and/or sequential designation |
Jan-Mar |
| 520 ## - SUMMARY, ETC. |
| Summary, etc. |
Providing health care for all by 2000 A.D has been a commitment made by the member countries of WHO in the 1978 Alma Ata Declaration of Health for All. India has fallen short of this target. The model for health care delivery followed so far has been largely responsible for this shortfall. The need for a persistent focus on health cannot be over-emphasised as it is an economic good as well as one of he human capital parameters. Further, the increased focus on making the economy grow in double digits makes it imperative for health of the entire population to be taken care of to ensure the achievement of such high rates of growth. This article critically examines various models of public health care in different countries. In addition it examines efforts of making not only curative health care but also preventive care, as practiced in India. Based on the above, a new policy framework has been suggested covering four areas - (a) participation of beneficiaries in the production and consumption of health care in various forms based on ability to pay for the same; (b) increase the ratio of availability of pre-requisites for health care, both curative and preventive by increasing supply of qualified and trained medical staff and hospital beds; (c) encourage public-private partnership to achieve the provisioning of pre-requisites of health care; and, (d) changing the social fabric where insistence on private practice of the doctors is dissuaded and institutional practice is persuaded. - Reproduced. |
| 650 ## - SUBJECT ADDED ENTRY--TOPICAL TERM |
| Topical term or geographic name entry element |
Health services |
| 700 ## - ADDED ENTRY--PERSONAL NAME |
| Personal name |
Mehra, Rajneesh |
| 773 ## - HOST ITEM ENTRY |
| Main entry heading |
Indian Journal of Public Administration |
| 908 ## - PUT COMMAND PARAMETER (RLIN) |
| Put command parameter |
N |
| 909 ## - |
| -- |
91400 |